| Tag |
First Indicator |
Second Indicator |
Subfields |
| LEADER |
00000cam a2200000 a 4500 |
| 001 |
in00000849708 |
| 005 |
20151019061811.0 |
| 008 |
841220s1984 dcu s f00010 eng d |
| 010 |
|
|
|a gp 85008057
|
| 020 |
|
|
|c $1.00
|
| 035 |
|
|
|a (OCoLC)11526310
|
| 035 |
|
|
|9 AEC1750AM
|
| 040 |
|
|
|a GPO
|c GPO
|d UtOrBLW
|
| 043 |
|
|
|a n-us---
|
| 074 |
|
|
|a 133-D-2
|
| 086 |
0 |
|
|a C 3.245/6:CC 82-I-25 (P)
|
| 130 |
0 |
|
|a Census of construction industries (1982).
|p Preliminary report.
|
| 245 |
1 |
0 |
|a 1982 census of construction industries.
|p Preliminary report.
|p Industry series.
|p Installation or erection of building equipment special trade contractors, N.E.C. (industry 1796).
|
| 264 |
|
1 |
|a [Washington, D.C.] :
|b [U.S. Dept. of Commerce, Bureau of the Census] :
|c [1984]
|
| 264 |
|
2 |
|a [Washington, D.C.] :
|b [For sale by Supt. of Docs., U.S. G.P.O.],
|
| 300 |
|
|
|a 4 pages ;
|c 28 cm.
|
| 336 |
|
|
|a text
|b txt
|2 rdacontent
|
| 337 |
|
|
|a unmediated
|b n
|2 rdamedia
|
| 338 |
|
|
|a volume
|b nc
|2 rdacarrier
|
| 500 |
|
|
|a Caption title.
|
| 500 |
|
|
|a "Issued March 1984."
|
| 500 |
|
|
|a "CC82-I-25(P)"
|
| 650 |
|
0 |
|a Construction industry
|z United States
|x Statistics.
|
| 710 |
1 |
|
|a United States.
|b Bureau of the Census.
|
| 740 |
0 |
|
|a Industry series, installation or erection of building equipment special trade contractors, N.E.C. (industry 1796)
|
| 740 |
0 |
|
|a Installation or erection of building equipment special trade contractors, N.E.C. (industry 1796)
|
| 999 |
|
|
|a MARS
|
| 999 |
f |
f |
|s bb506036-df7a-3997-bcea-c1f08a0d259c
|i 0e6a5210-c0c8-3985-9017-52830ee87733
|t 0
|
| 952 |
f |
f |
|p noncirc
|a Texas A&M University
|b College Station
|c Sterling C. Evans Library
|d Evans: US Documents (Annex 5th floor)
|t 0
|e C 3.245/6:CC 82-I-25 (P)
|h Superintendent of Documents classification
|i unmediated -- volume
|m A14832372414
|
| 998 |
f |
f |
|a C 3.245/6:CC 82-I-25 (P)
|t 0
|l Evans: US Documents (Annex 5th floor)
|